000 00568nam a2200169 i 4500
001 183659
003 ES-MaACL
005 20230906221939.0
008 140917q18501899fr |||| | fre d
245 0 3 _aLe guide de l'étranger a Vichy.
260 _aVichy :
_b[s.n.],
_c[18-?] (
_fImp. Wallon)
300 _a108 p. :
_bil. ;
_c14 cm.
500 _aEn cubierta: Guide de l'étranger a Vichy et notice médicale sur l'etablissement thermal.
650 0 4 _aBalnearios-
_zFrancia.
_910481
651 4 _aVichy (Francia)-
_vGuías.
_9137397
852 _aES-MaACL
_jT-1146-F-3
999 _c183659
_d183659